000 01159nam a2200349 a 4500
001
003 DO-SdBNP
005 20220318101940.0
007
008 090819s2008 mx a 000 0 spa d
020 _a9789702218272
040 _aBPMSU
_bspa
_cBPMSU
082 _a813.5
_bK46b 2008
_222
100 1 _a Kidd, Ronald
245 1 0 _aDumbo :
_b¡No tan rápido! /
_cRonald Kidd ; ilusustrado por David Scott Smith y Jody Daily; traductor Beatriz Stellino
246 1 3 _aPadres e hijos comparten y aprenden
260 _aMéxico :
_bEdiciones Larousse,
_c2008
300 _a[42] p. :
_bils. ;
_c27 cm.
490 0 _aMi biblioteca familiar bilingüe
534 _aTexto en español e inglés
590 _6Inventariado, 2022/VM
650 4 _aCuentos infantiles estadounidenses.
650 4 _aLiteratura infantil estadounidenses
_v
700 1 _aDevaney, Adan
_eilustración
700 1 _aKleven, Dean
_eilustración
700 1 _a Scott Smith, David
_eilustración
_5
700 1 _a Daily, Jody
_eilustraciòn
700 1 _a Stellinoj, Beatriz
_etraductor
710 2 _aWalt Disney
910 _aVMateo V.
942 _2ddc
_cBK
999 _c14092
_d14092